00502cam a2200181ua 4500001000500000005001700005008003900022040000900061082000800070100003500078245007400113250001700187260004400204300001000248653001800258653002900276653001500305599120260515113950.0131030n ii |||gr||||Z||||||eng cMAIN a973 aParkes,Henry Bamford,eAuthor. aUnited States of America : bA History / cby Henry Bamford Parkes .  a1st Reprint. aDelhi:bKhosla Publishing House,c1986. a805p. aUnited States aUnited States of America aA History